01806nam a2200217 a 4500008004100000020001500041041000800056092001700064100002800081245004400109250004000153260003500193300001100228500008100239505103500320590003701355655002101392942001301413999001501426952014701441180524e2002 ag ||||| |||| 00| f spa d a9500423723 aspa c808l51sMAC1 aMacDougal, Bonnie93951 aÁngulo de impacto /cBonnie MacDougal a1a ed.bTraducción Jorge Salvetti aBuenos Aires:bEmecé;c2002. a329 p. aMacDougal, B. (2002). Ángulo de impacto. (1a ed.). Buenos Aires : Emecé. aDana Svenssen es una joven y brillante abogada que trabaja para el estudio más prestigioso de Filadelfia. Una mañana, camino a una reunión de trabajo con un cliente, su vida estalla literalmente en un segundo. El helicóptero que transporta a su cliente choca en el aire con un avión privado, exactamente sobre el parque de diversiones donde las dos hijas de Dana están pasando el día con sus compañeros de colegio. Dana corre desesperadamente hacia el lugar del accidente para rescatar a sus hijas, atrapadas en un carro de la montaña rusa. Es entonces cuando descubre que el trágico accidente no es un accidente... Aunque Dana está decidida a demostrar la causa del choque, es una tarea casi imposible. De pronto, el secuestro de su marido, del que se está separando, la lanza al centro de una conspiración multimillonaria y decididamente mortal. Considerada como la John Grisham femenina, Bonnie MacDougal ha escrito un thriller legar impactante, basado en un hecho real. Una novela que no da respiro.  aDONACION Victoria Lara mayo 2018 aLiteratura92917 2ddccLIT c2767d2767 00102ddc4070aBFMbBFMcCRd2018-05-24eDonacionl0o808 51 MACp4301r2018-05-24tEj. 1w2018-05-24yLITzDONACION Victoria Lara mayo 2018